A second view (Record no. 113172)

MARC details
000 -LEADER
fixed length control field 00886cad a22002295a 4500
001 - CONTROL NUMBER
control field L154812
008 - FIXED-LENGTH DATA ELEMENTS--GENERAL INFORMATION
fixed length control field 120120s2012 xxk f 000 0 eng d
035 ## - SYSTEM CONTROL NUMBER
System control number (Sirsi) u154812
041 0# - LANGUAGE CODE
Language code of text/sound track or separate title eng
100 1# - MAIN ENTRY--PERSONAL NAME
Personal name Starr, John
245 02 - TITLE STATEMENT
Title A second view
Medium [electronic resource]
260 ## - PUBLICATION, DISTRIBUTION, ETC.
Place of publication, distribution, etc. [S.l.]
Name of publisher, distributor, etc. Boyes Turner
Date of publication, distribution, etc. 2012
520 ## - SUMMARY, ETC.
Summary, etc. Discusses the case of Lanes Group plc v Galliford Try Infrastructure Ltd, where an adjudicator's decision had been declared a nullity on the grounds of apparent bias.
590 ## - LOCAL NOTE (RLIN)
Local note KA NTK
650 24 - SUBJECT ADDED ENTRY--TOPICAL TERM
Topical term or geographic name entry element LANES GROUP PLC V GALLIFORD TRY INFRASTRUCTURE LIMITED
651 #4 - SUBJECT ADDED ENTRY--GEOGRAPHIC NAME
Geographic name England and Wales
Chronological subdivision 1543-
690 ## - LOCAL SUBJECT ADDED ENTRY--TOPICAL TERM (OCLC, RLIN)
Topical term or geographic name as entry element Construction management
9 (RLIN) 6230
690 ## - LOCAL SUBJECT ADDED ENTRY--TOPICAL TERM (OCLC, RLIN)
Topical term or geographic name as entry element Contracts
9 (RLIN) 6232
710 1# - ADDED ENTRY--CORPORATE NAME
Corporate name or jurisdiction name as entry element Boyes Turner
856 40 - ELECTRONIC LOCATION AND ACCESS
Uniform Resource Identifier <a href="https://www.mondaq.com/x/160420/Building+Construction/A+Second+View&email_access=on">https://www.mondaq.com/x/160420/Building+Construction/A+Second+View&email_access=on</a>
Public note View this article at www.mondaq.com
942 ## - ADDED ENTRY ELEMENTS (KOHA)
Suppress in OPAC 0
Holdings
Withdrawn status Lost status Source of classification or shelving scheme Damaged status Not for loan Home library Current library Shelving location Date acquired Total Checkouts Full call number Barcode Date last seen Copy number Price effective from Koha item type
    Dewey Decimal Classification     Virtual Virtual Online 20/01/2012   ONLINE PUBLICATION 154812-2001 06/08/2019 1 06/08/2019 Book